| 000 | 00906nam a2200253Ia 4500 | ||
|---|---|---|---|
| 003 | OSt | ||
| 005 | 20220923212622.0 | ||
| 006 | a|||||r|||| 00| 0 | ||
| 007 | ta | ||
| 008 | 220922b |||||||| |||| 00| 0 hin d | ||
| 024 | _a154,612 | ||
| 037 | _cTextual | ||
| 040 |
_aARTS _cARTS _bhin |
||
| 041 |
_2hin _ahin |
||
| 082 | _aO1520m57,1:g, M5 | ||
| 100 |
_aश्रीवास्तव, लाल बाबू _9160504 |
||
| 245 | 0 | _aआधुनिक हिन्दी और बगंला कविता | |
| 246 | _aĀdhunik hindī aur baganlā kavitā | ||
| 260 |
_aनई दिल्ली _b प्रकाशन संस्थान _c1985 |
||
| 300 |
_a364 पृ. _ccm. |
||
| 650 |
_aहिन्दी साहित्य _9156264 |
||
| 942 |
_hO1520m57,1:g, M5 _cTEXL _2CC |
||
| 999 |
_c310234 _d310234 |
||